| 000 | 00835cam a22002533a 4500 | ||
|---|---|---|---|
| 001 | 18624 | ||
| 003 | PGUSA | ||
| 005 | 20140828083409.0 | ||
| 008 | 060619s2006||||xxu|||||s|||||000 1 eng d | ||
| 040 |
_aPGUSA _beng |
||
| 042 | _adc | ||
| 050 | 4 | _aPT | |
| 100 | 1 |
_aRuneberg, Fredrika Charlotta Tengström, _d1807-1879 |
|
| 245 | 1 | 0 |
_aRouva Katariina Boije ja hänen tyttärensä : _bKertomus ison vihan ajoilta _h[electronic resource] / _cFredrika Charlotta Tengström Runeberg |
| 260 |
_bProject Gutenberg, _c2006 |
||
| 500 | _aTranslation of: Fru Catharina Boije och hennes döttrar | ||
| 506 | _aPublic domain in the USA. | ||
| 516 | _aElectronic text | ||
| 653 | _aFiction | ||
| 700 | 1 |
_aLempiranta, Arvo, _d1860-1914 |
|
| 830 | 0 |
_aProject Gutenberg _v18624 |
|
| 856 | 4 | 0 | _uhttp://www.gutenberg.org/ebooks/18624 |
| 942 | _cEB | ||
| 999 |
_c247879 _d247879 |
||